000 00357nam a2200157Ia 4500
003 IT-RoPAU
008 120407s9999 xx 000 0 und d
040 _aIT-RoPAU
040 _cIT-RoPAU
100 _aEtienne Gilson
245 _aFilosofia e incarnazione in sant'Agostino
260 _aLeonardo da Vinci
300 _c cm
490 _v1
942 _cBK
999 _c7534
_d7534